| 000 | 01218cad a22002175a 4500 | ||
|---|---|---|---|
| 001 | L149628 | ||
| 008 | 100329s2010 xxk 000 0 eng d | ||
| 035 | _a(Sirsi) u149628 | ||
| 041 | 0 | _aeng | |
| 050 | 0 | 4 | _a333.33 $2 18 |
| 110 | 2 |
_aBNP Paribas Real Estate _95715 |
|
| 245 | 0 | 0 |
_aEuropean real estate handbook _ba guide to doing business in Europe _h[electronic resource] |
| 260 |
_a[S.l.] _cBNP Paribas Real Estate, [2010?] |
||
| 520 | _aWhat are the main differences in the 31 European property markets? Provides a country-by-country overview of what occupiers and prospective inward investors are likely to expect in respect of typical lease terms, the legal environment, occupancy and acquisition costs and general market practices. Concludes with a comparison of leasing and transaction costs across Europe. | ||
| 590 | _aKA NTK | ||
| 650 | 2 | 4 | _aBNP PARIBAS REAL EUROPEAN REAL ESTATE HANDBOOK |
| 651 | 4 | _aEurope | |
| 690 | _aPROPERTY-COMMERCIAL PROPERTY-COMMERCIAL PROPERTY MARKET | ||
| 856 | 4 | 8 |
_uhttps://www.propertyweek.com/Journals/Builder_Group/Property_Week/05_March_2010/attachments/European%20Handbook%20-%20UK%20contact.pdf _zView this report free of charge at www.propertyweek.com |
| 942 | _n0 | ||
| 999 |
_c110566 _d110566 |
||